000 00861nam a22002297a 4500
999 _c17886
_d17886
003 OSt
005 20230127104551.0
008 230127b ||||| |||| 00| 0 eng d
040 _c0
082 _aDPer 910.46 T156 2019 v76PA-76PB
100 _aMa, Minghui
_eauthor.
_947560
245 _aFrom finance to marketing :
_binitial public offering ownership overhang and marketing in the hospitality industry /
_cMinghui Ma, Jian Huang, Shan Lin, and Shuai Yang.
260 _aAmsterdam :
_bElsevier,
_c©January 2019.
300 _av 76PA, pages 71-82 : illustrations.
650 _aHospitality industry.
_947561
650 _aMarketing-strategic aspects.
_947562
700 _aMa, Minghui
_eauthor.
_947560
700 _aHuang, Jian
_eauthor.
_947563
700 _aLin, Shan
_eauthor.
_947564
700 _aYang, Shuai
_eauthor.
_947565
942 _2ddc
_cPER